1270 1511 1771 1064 1381 1627 1523 1756 1886 1870 1273 1158 1719 1025 1808 1023 1918 1800 1891 1374 1290 1714 1691 1940 1258 1461 1452 1923 1617 1887 1699 1502 1445 1305 1164 1607 1680 1269 1791 1947 1018 1580 1027 1641 1450 1068 1438 1765 1872 1219 1749 1491 1146 1799 1970 1986 1153 1458 1067 1826 1627 1667 1464 1949 1502 1371 1994 1680 1624 1077 1224 1581 1628 1560 1138 1213 1280 1830 1311 1079 1946 1064 1314 1079 1222 1530 1219 1825 1150 1543 1770 1052 1637 1794 1661 1762 1324 1546 1571 BCNSPRNW ULIB Ver.6.0+V

เปลี่ยนเป็นภาษาไทย

Change to English
 แสดงรายละเอียดบรรณานุกรม
  กลับหน้าหลัก

Brief Record : Get Marc (ISO 2709) : E-mail record : QR code < ปิดหน้าต่าง
LEADER : 00000nam 2200000uu 4500
001    13399113688
003     ULIB
008    111215s||||||||th 000 0 tha d
020    ^a9786167243016
090    ^aนว.^bอ565ส 2553
100 0  อัมราน
245 00 สุดผืนทรายปรายแสงดาว/^cอัมราน
250    ^aพิมพ์ครั้งที่ 1
260    ^aกรุงเทพฯ :^bอักษรศาสตร์,^c2553
300    478 หน้า
710 1  อักษรศาสตร์
945    ^p289^l0^i028022
995    ทศพร
999 ^a ทศพร
รายการนี้ยังไม่มีแท็ก
คุณยังไม่ได้ล็อกอิน คุณสามารถมีกิจกรรมร่วมกับเว็บไซต์ได้ แต่ต้องล็อกอินก่อน ::
  ล็อกอิน

รายการสื่อสารสนเทศ

ลำดับที่ ประเภท เลขเรียก/บาร์โค้ด สถานที่ สถานะ
1. นวนิยาย
นวนิยาย
นว. อ565ส 2553 ฉ.1 
  Barcode: 028022
ห้องสมุดวิทยาเขตสวรรค์ประชารักษ์
►นวนิยาย
บนชั้น
  ขอยืม

BibComment


ยังไม่เคยถูกคอมเมนท์

คอมเมนท์ทรัพยากรรายการนี้
  คอมเมนท์: สุดผืนทรายปรายแสง..


 Copyright 2026. Bcnsprnw @Library